| 000 | 00603nam a2200217 a 4500 | ||
|---|---|---|---|
| 001 | 1259 | ||
| 003 | CO-ViMGA | ||
| 008 | 141112s2004 ck r 000 u spa d | ||
| 040 |
_aCO-ViMGA _bspa _cCO-ViMGA |
||
| 082 | _aR333.7 A751 | ||
| 245 | 1 | 0 | _aAtlas mundial del medio ambiente |
| 260 |
_aMadrid : _bCultural, _c1995 |
||
| 300 | _a112 p : il | ||
| 590 | _aDatos de inventario : 05174 | ||
| 650 | 1 | 4 |
_aATMOSFERA _93992 |
| 650 | 1 | 4 |
_aBIODIVERSIDAD _93993 |
| 650 | 1 | 4 |
_aENERGIA - FUENTES _93994 |
| 650 | 1 | 4 |
_aMEDIO AMBIENTE - ATLAS _93995 |
| 650 | 1 | 4 |
_aPARQUES NATURALES - MUNDO _93996 |
| 942 |
_2ddc _cBK |
||
| 999 |
_c11305 _d11305 |
||